Manchester United - Tous les joueurs de 2000 à 2010 - Statistiques

Statistiques générales
  • Ce quiz a été pris 17 fois
  • Le résultat moyen est 38 sur 107
Statistiques - réponses
Saisons Nationalité Joueur Nombre
De Matchs
Poste % Correct
2003 - 20092021 - 2022 Portugal Cristiano Ronaldo 346 A
100%
2005 - 2011 Pays - Bas EdwinVan Der Sar 266 G
100%
1990 - 2014 Pays De Galles RyanGiggs 963 M
100%
2004 - 2017 Angleterre WayneRooney 559 M/A
100%
2006 - 2018 Angleterre MichaelCarrick 464 M
93%
2005 - 2014 France PatriceEvra 379 D
93%
1992 - 2013 Angleterre PaulScholes 717 M
93%
2002 - 2014 Angleterre RioFerdinand 455 D
93%
2009 - 2019 Equateur AntonioValencia 339 D/M
87%
2005 - 2012 CoréeDu Sud Ji - SungPark 205 M
87%
1999 - 2011 Irlande JohnO'Shea 394 D
87%
2001 - 2003 France LaurentBlanc 75 D
87%
2003 - 2008 France LouisSaha 124 A
87%
2005 - 2014 Serbie NemanjaVidic 300 D
87%
1993 - 2006 Irlande RoyKeane 579 M
87%
2001 - 2006 Pays - Bas RuudVan Nistelrooy 219 A
87%
1992 - 2003 Angleterre DavidBeckham 394 M
80%
2000 - 2003 France FabienBarthez 139 G
80%
1992 - 2011 Angleterre GaryNeville 602 D
80%
1999 - 2008 France MickaelSilvestre 361 D
80%
2007 - 2014 Portugal Nani 230 A
80%
1994 - 2005 Angleterre PhilNeville 384 D
80%
1995 - 2002 Angleterre AndyCole 275 A
73%
2007 - 2009 Argentine CarlosTévez 99 A
73%
2001 - 2015 Ecosse DarrenFletcher 342 M
73%
1996 - 2007 Norvège Ole GunnarSolskjaer 366 A
73%
2003 - 2006 Etats - Unis TimHoward 77 G
73%
2007 - 2015 Brésil Anderson 181 M
67%
2009 - 2012 Angleterre MichaelOwen 52 A
67%
2008 - 2015 Brésil Rafael 170 D
67%
2001 - 2004 Uruguay DiegoForlan 98 A
60%
1998 - 2002 Trinidad -Tobago DwightYorke 152 A
60%
2009 - 2011 France GabrielObertan 27 M/A
60%
2007 - 20152023 - 2025 IrlandeDu Nord JonnyEvans 241 D
60%
2001 - 2003 Argentine Juan SebastianVéron 82 M
60%
1997 - 2011 Angleterre WesBrown 362 D
60%
2008 - 20122013 - 2014 Brésil Fabio 56 D
53%
2004 - 2007 Argentine GabrielHeinze 83 D
53%
2008 - 20102011 - 2014 Angleterre DannyWelbeck 142 A
47%
1998 - 2001 Pays - Bas JaapStam 127 D
47%
2008 - 2013 Italie FedericoMacheda 36 A
40%
2007 - 2011 Angleterre OwenHargreaves 39 M
40%
1997 - 2001 Angleterre TeddySheringham 153 A
40%
2003 - 2005 France DavidBellion 40 A
33%
2006 - 2007 Suède HenrikLarsson 13 A
33%
2004 - 20052006 - 2007 Angleterre DavidJones 4 M
27%
2004 - 20062007 - 2008 Espagne Gerard Piqué 23 D
27%
1992 - 2004 Angleterre NickyButt 387 M
27%
2005 - 2007 Angleterre RitchieJones 5 M
27%
2006 - 2012 Pologne TomaszKuszczak 61 G
27%
2004 - 2007 Angleterre AlanSmith 93 M
20%
1990 - 2002 Irlande DenisIrwin 529 D
20%
2003 - 2005 Cameroun EricDjemba Djemba 39 M
20%
2009 - 20102011 - 2012 Sénégal MameDiouf 9 A
20%
2005 - 20062008 - 2012 Irlande DarronGibson 60 M
13%
2007 - 2009 Angleterre FraizerCampbell 4 A
13%
2003 - 2005 Brésil Kleberson 30 M
13%
2003 - 20042005 - 2006 2007 - 2008 Ecosse PhilBardsley 18 D
13%
2001 - 2005 Irlande Du Nord RoyCarroll 72 G
13%
2005 - 2006 Angleterre AdamEckersley 1 D
7%
2000 - 2001 Ecosse AndyGoram 2 G
7%
2008 - 20092010 - 2012 Angleterre BenAmos 7 G
7%
2007 - 2010 Angleterre BenFoster 23 G
7%
2003 - 20052006 - 2008 Angleterre ChrisEagles 17 A
7%
2001 - 2004 Pays De Galles DanielNardiello 4 A
7%
2002 - 2004 Angleterre DannyPugh 7 D
7%
2007 - 2008 Angleterre DannySimpson 8 D
7%
2000 - 2003 Angleterre DannyWebber 3 A
7%
2006 - 2007 Ecosse DavidGray 1 D
7%
1999 - 2001 IrlandeDu Nord DavidHealy 3 A
7%
1994 - 2003 Angleterre DavidMay 118 D
7%
2003 - 2004 Angleterre EddieJohnson 1 A
7%
2006 - 2008 Chine FangzhuoDong 3 A
7%
2004 - 2006 Italie GiuseppeRossi 14 A
7%
1997 - 2001 Norvège HenningBerg 103 D
7%
2008 - 2009 Pays De Galles JamesChester 1 D
7%
2001 - 2002 Angleterre JimmyDavis 1 A
7%
1998 - 2001 Angleterre JonathanGreening 27 M
7%
2004 - 2005 Etats - Unis JonathanSpector 8 D
7%
2009 - 20102012 - 2013 Norvège JoshuaKing 2 A
7%
2002 - 2007 Angleterre KieranRichardson 81 D
7%
2005 - 20062008 - 2009 Angleterre LeeMartin 3 M
7%
2001 - 2003 Angleterre LeeRoche 3 D
7%
2004 - 2006 Irlande LiamMiller 22 M
7%
1999 - 2003 Angleterre LukeChadwick 37 M
7%
2002 - 2003 Danemark MadsTimm 1 A
7%
2008 - 2009 Angola Manucho 3 A
7%
2002 - 2003 Angleterre MarkLynch 1 D
7%
2006 - 2007 Angleterre MichaelBarnes 1 M
7%
1996 - 2002 Angleterre MichaelClegg 24 D
7%
2000 - 2003 Ecosse MichaelStewart 14 M
7%
1999 - 2001 Angleterre PaulRachubka 3 G
7%
2003 - 2004 Irlande PaulTierney 1 D
7%
2006 - 2007 Angleterre PhilMarsh 1 A
7%
1999 - 2005 AfriqueDu Sud QuintonFortune 126 D
7%
1996 - 2002 Pays - Bas RaimonVan Der Gouw 60 G
7%
2002 - 2003 Espagne Ricardo 5 G
7%
2008 - 2009 Angleterre RichardEckersley 4 D
7%
2008 - 2010 Belgique RitchieDe Laet 6 D
7%
2008 - 2009 Italie RodrigoPossebon 8 M
7%
1997 - 2002 Angleterre RonnieWallwork 28 M
7%
1996 - 2002 Norvège RonnyJohnsen 150 D
7%
2006 - 2007 Angleterre RyanShawcross 2 D
7%
2004 - 2006 Angleterre SylvanEbanks - Blake 2 A
7%
2008 - 2010 Serbie ZoranTosic 5 A
7%
2000 - 2002 Suède BojanDjordjic 2 A
0%
2006 - 2007 Angleterre KieranLee 3 M
0%
Aucun quiz correspondant
Distribution des résultats
% des personnes avec chaque résultat
Percentile par nombre de réponses
Votre historique - résultats
Vous n’avez pas pris ce quiz